000 01590nam a2200457 i 4500
001 30457
003 KOSZ 005
005 20201013143939.0
008 970510s1995 pl a f |000 0 pol
015 _aUWD 1995/10534
020 _a8386359714
035 _a991000182979705066
035 _a(PL-WaBN)b10093370-48omnis_nlop
035 _ab10093370
035 _a(OCoLC)833965155
035 _a(PL)b0000001009337
035 _a(EXLNZ-48OMNIS_NETWORK)9910417577405606
040 _aWA N
_cWA N
_dKOSZ 005/EG
041 0 _apol
_beng
046 _k1995
080 _a621.313.3
100 1 _aKrygier, Jerzy
_eAutor
245 1 0 _aPraca energooszczędna silników indukcyjnych klatkowych :
_b(wybrane zagadnienia) /
_cJerzy Krygier ; Politechnika Szczecińska. Instytut Elektrotechniki.
260 _aSzczecin :
_bWydaw. Uczelniane PS,
_c1995.
300 _a45 s. :
_bwykr. ;
_c24 cm.
336 _aTekst
_btxt
_2rdacontent
337 _aBez urządzenia pośredniczącego
_bn
_2rdamedia
338 _aWolumin
_bnc
_2rdacarrier
380 _aKsiążki
388 _a1901-2000
388 _a1989-2000
504 _aBibliogr. s. 41-43. - Summ.
650 7 _aEnergia elektryczna
_2DBN
650 7 _aSilniki elektryczne
_2DBN
650 7 _aObsługa i eksploatacja
_2DBN
658 _aInżynieria i technika
710 2 _aWydawnictwo Uczelniane Politechniki Szczecińskiej
_4pbl
856 _uhttp://koha.tu.koszalin.pl/cgi-bin/koha/opac-detail.pl?biblionumber=30457
_yKatalog online BPK
942 _2UKD
_cKS
999 _c30457
_d30457